| 000 | 00946nam a2200301 a 4500 | ||
|---|---|---|---|
| 001 | 24386 | ||
| 003 | CO-ViMGA | ||
| 008 | 141112s2004 ck r 000 u spa d | ||
| 020 | _a9789588445243 | ||
| 040 |
_aCO-ViMGA _bspa _cCO-ViMGA |
||
| 041 | _aSPA | ||
| 090 | _aA BRO6 | ||
| 100 | 1 |
_aBrowne, Eileen _91004 |
|
| 245 | 1 | 0 |
_aLa sorpresa de Nandi / _cEileen Browne ; traducido por María Cecilia Silva - Díaz |
| 250 | _a1a ed. | ||
| 260 |
_aBarcelona : _bEkaré, _c2009 |
||
| 300 | _a28 p. : il. col. : il. | ||
| 490 | _aPonte poronte | ||
| 500 | _aTítulo original : Handa's surprise | ||
| 650 | 1 | 4 |
_aAMISTAD - LIBROS DE IMAGENES _935864 |
| 650 | 1 | 4 |
_aILUSTRADORES INGLESES _935865 |
| 650 | 1 | 4 |
_aLEER ES MI CUENTO - COLECCION 2011 _935866 |
| 650 | 1 | 4 |
_aLIBROS DE IMAGENES _929438 |
| 650 | 1 | 4 |
_aLITERATURA _92198 |
| 650 | 1 | 4 |
_aNIÑAS - LIBROS DE IMAGENES _935867 |
| 700 | 1 |
_aSilva - Díaz, María Cecilia _91007 |
|
| 942 |
_2ddc _cBK |
||
| 999 |
_c2283 _d2283 |
||